[Event "Druga liga CS - zapad 2014"]
[Site "Sabac"]
[Date "2014.09.26"]
[Round "3.1"]
[White "Colovic, Dusan"]
[Black "Savicevic, Vlatko"]
[Result "1/2-1/2"]
[WhiteElo "2364"]
[BlackElo "2346"]
[PlyCount "21"]
[EventDate "2014.09.25"]

1. d4 d5 2. Nf3 Nf6 3. Bf4 e6 4. e3 c5 5. c3 Nc6 6. Nbd2 Bd6 7. Bg3 Bxg3 8.
hxg3 Qd6 9. Qa4 cxd4 10. exd4 Bd7 11. Bb5 1/2-1/2

[Event "Druga liga CS - zapad 2014"]
[Site "Sabac"]
[Date "2014.09.26"]
[Round "3.2"]
[White "Simic, Dragisa"]
[Black "Jevdjovic, Milorad"]
[Result "0-1"]
[WhiteElo "2296"]
[BlackElo "2267"]
[PlyCount "58"]
[EventDate "2014.09.25"]

1. e4 e6 2. d4 d5 3. exd5 exd5 4. Nf3 Bd6 5. c4 dxc4 6. Bxc4 Nf6 7. O-O O-O 8.
Nc3 Bg4 9. h3 Bh5 10. Bg5 Be7 11. g4 Bg6 12. Ne5 c5 13. d5 Nfd7 14. Bxe7 Qxe7
15. Nxg6 hxg6 16. Re1 Qh4 17. Qf3 Nb6 18. Bf1 N8d7 19. d6 f5 20. Qg3 Qf6 21. g5
Qd4 22. Rad1 Qb4 23. Bg2 f4 24. Qd3 Rf5 25. Nd5 Nxd5 26. Bxd5+ Kh8 27. h4 f3
28. Re4 Qxb2 29. Rb1 Rxd5 0-1

[Event "Druga liga CS - zapad 2014"]
[Site "Sabac"]
[Date "2014.09.26"]
[Round "3.3"]
[White "Baralic, Milan"]
[Black "Biljanic, Ljubomir"]
[Result "1-0"]
[WhiteElo "2146"]
[BlackElo "2350"]
[PlyCount "102"]
[EventDate "2014.09.25"]

1. d4 Nf6 2. Nf3 e6 3. a3 b6 4. c4 Be7 5. g3 Bb7 6. Bg2 Qc8 7. Nc3 Ne4 8. Nxe4
Bxe4 9. O-O O-O 10. Ne1 Bxg2 11. Nxg2 Qa6 12. Qc2 Nc6 13. Rd1 Rac8 14. Be3 b5
15. d5 Ne5 16. c5 exd5 17. Rxd5 d6 18. cxd6 Bxd6 19. Rad1 Rfe8 20. Qb3 Rb8 21.
Bc5 b4 22. Bxd6 cxd6 23. Nf4 bxa3 24. Qxa3 Qxa3 25. bxa3 Nc4 26. e3 Rb6 27. a4
Rb4 28. Ra1 Rb2 29. Rb5 Rc8 30. Rb1 Rxb1+ 31. Rxb1 g5 32. Nh5 h6 33. Rb7 a5 34.
Kg2 Rc6 35. Nf6+ Kg7 36. Nd5 Rc5 37. Nc7 Kg6 38. Ne8 Rf5 39. Rb1 g4 40. Nc7 h5
41. Nb5 Rd5 42. Nd4 Rc5 43. h3 Kf6 44. Rb8 Ne5 45. Rh8 Ng6 46. Ra8 Ne7 47. Ra6
Ke5 48. Ra7 Kf6 49. Nb5 Nc6 50. Rd7 Kg6 51. Rxd6+ Kg7 {neèitko} 1-0

[Event "Druga liga CS - zapad 2014"]
[Site "Sabac"]
[Date "2014.09.26"]
[Round "3.4"]
[White "Djosic, Slavoljub"]
[Black "Kiproski, Branislav**"]
[Result "1-0"]
[WhiteElo "2240"]
[BlackElo "2207"]
[PlyCount "119"]
[EventDate "2014.09.25"]

1. b3 e5 2. Bb2 Nc6 3. c4 g6 4. g3 Bg7 5. Bg2 Nge7 6. Nc3 d6 7. e3 Be6 8. Nf3
h6 9. O-O d5 10. cxd5 Nxd5 11. Ne4 O-O 12. d4 exd4 13. Nxd4 Nxd4 14. Bxd4 c6
15. Bxg7 Kxg7 16. Qd4+ Kh7 17. Rfd1 Qe7 18. Qc5 Rfe8 19. Rac1 f5 20. Qxe7+ Rxe7
21. Nc5 Bf7 22. e4 fxe4 23. Nxe4 Kg7 24. Nd6 Rd8 25. Nxf7 Kxf7 26. Bxd5+ Rxd5
27. Rxd5 cxd5 28. Kf1 g5 29. h3 Kf6 30. f3 Kf5 31. Kf2 h5 32. Rd1 Rd7 33. Rd4
Ke5 34. Ke3 Rf7 35. Rb4 b6 36. h4 gxh4 37. Rxh4 Rf5 38. f4+ Kd6 39. Kd4 Ke6 40.
Rh2 Kd6 41. a3 Kc6 42. a4 a5 43. Ra2 Kb7 44. Ke3 Kc6 45. Rc2+ Kd6 46. Rc8 Kd7
47. Rh8 Kc6 48. Kd4 Kc7 49. Rh6 Kb7 50. Ke3 Kc7 51. Rg6 Rf7 52. Rg5 h4 53. gxh4
d4+ 54. Ke4 Re7+ 55. Kd3 Kc6 56. h5 Rf7 57. h6 Rxf4 58. Rh5 Rf8 59. h7 Rh8 60.
Kxd4 1-0

[Event "Druga liga CS - zapad 2014"]
[Site "Sabac"]
[Date "2014.09.26"]
[Round "3.5"]
[White "Baralic, Nebojsa"]
[Black "Dikic, Veljko**"]
[Result "0-1"]
[WhiteElo "2267"]
[BlackElo "1980"]
[PlyCount "81"]
[EventDate "2014.09.25"]

1. c4 e5 2. Nc3 Nc6 3. Nf3 g6 4. g3 Bg7 5. Bg2 d6 6. O-O Be6 7. d3 h6 8. Nd5
Qd7 9. Rb1 Nce7 10. e4 c6 11. Nxe7 Nxe7 12. b4 O-O 13. b5 c5 14. Ne1 Bh3 15.
Be3 Bxg2 16. Nxg2 f5 17. Qd2 Kh7 18. f4 exf4 19. Nxf4 g5 20. Nd5 Nxd5 21. exd5
Rae8 22. Rbe1 Rxe3 23. Rxe3 Bd4 24. Kg2 Bxe3 25. Qxe3 Re8 26. Qf2 Re5 27. d4
cxd4 28. Qxd4 b6 29. a4 Qe7 30. Qd3 Re2+ 31. Kg1 Qe4 32. Qxe4 Rxe4 33. Rxf5 Kg7
34. Rf1 Rxc4 35. Re1 Rxa4 36. Re6 Ra5 37. Rxd6 Rxb5 38. Kf2 a5 39. Ke3 a4 40.
Kd4 a3 41. Kc4 0-1

[Event "Druga liga CS - zapad 2014"]
[Site "Sabac"]
[Date "2014.09.26"]
[Round "3.6"]
[White "Kuzmanovic, Aleksa**"]
[Black "Puaca, Goran"]
[Result "1/2-1/2"]
[WhiteElo "1813"]
[BlackElo "2164"]
[PlyCount "111"]
[EventDate "2014.09.25"]

1. d4 d6 2. Nf3 Bg4 3. Nbd2 c6 4. b3 Qa5 5. Bb2 Bxf3 6. exf3 Nf6 7. Bd3 d5 8.
O-O e6 9. f4 g6 10. Re1 Bb4 11. Re2 Bc3 12. Qc1 O-O 13. Nf3 Nh5 14. Bxc3 Qxc3
15. Rb1 Qb4 16. g4 Nf6 17. f5 exf5 18. gxf5 Re8 19. c3 Qd6 20. Ne5 Nbd7 21. f4
c5 22. Qc2 cxd4 23. cxd4 Rac8 24. Qd2 Qb6 25. Qb2 Nxe5 26. fxe5 Ne4 27. fxg6
Rxe5 28. gxf7+ Kf8 29. Bxe4 dxe4 30. Qa3+ Kxf7 31. Rf2+ Ke6 32. dxe5 Rg8+ 33.
Kf1 Qb5+ 34. Re2 Qxe5 35. b4 Rg4 36. Qxa7 Rf4+ 37. Kg1 Qg5+ 38. Kh1 Qg4 39. Qe3
Kf5 40. Rg1 Qf3+ 41. Qxf3 exf3 42. Rf2 Ke4 43. h3 Ke3 44. Rgf1 b5 45. a3 h5 46.
Rb2 Rf8 47. Rc1 Kf4 48. Kh2 Ra8 49. Rb3 Rd8 50. Rf1 Rd2+ 51. Kh1 Kg3 52. Rbxf3+
Kh4 53. R3f2 Rd3 54. Kh2 Rd5 55. Rf5 Rxf5 56. Rxf5 1/2-1/2

[Event "Druga liga CS - zapad 2014"]
[Site "Sabac"]
[Date "2014.09.26"]
[Round "3.7"]
[White "Markovic, Aleksandar**"]
[Black "Rajevic, Gavrilo"]
[Result "1/2-1/2"]
[WhiteElo "2155"]
[BlackElo "2268"]
[PlyCount "34"]
[EventDate "2014.09.25"]

1. e4 c5 2. Nf3 d6 3. d4 cxd4 4. Nxd4 Nf6 5. f3 a6 6. a4 g6 7. Nc3 Bg7 8. Be3
O-O 9. Be2 Nc6 10. Qd2 Bd7 11. O-O Nxd4 12. Bxd4 Bc6 13. Nd5 Nd7 14. Bxg7 Kxg7
15. Qf4 e5 16. Qe3 Bxd5 17. exd5 Rc8 1/2-1/2

[Event "Druga liga CS - zapad 2014"]
[Site "Sabac"]
[Date "2014.09.26"]
[Round "3.8"]
[White "Adzic, Momcilo"]
[Black "Gavrilovic, Vasilije"]
[Result "1/2-1/2"]
[WhiteElo "2253"]
[BlackElo "2086"]
[PlyCount "91"]
[EventDate "2014.09.25"]

1. e4 c6 2. d4 d5 3. Nc3 dxe4 4. Nxe4 Bf5 5. Ng3 Bg6 6. N1e2 h6 7. c3 e6 8. Nf4
Bh7 9. Bc4 Nf6 10. O-O Bd6 11. Re1 O-O 12. Qf3 Nbd7 13. Nd3 Qc7 14. Bd2 Rae8
15. Re2 a5 16. a3 e5 17. dxe5 Bxd3 18. Bxd3 Nxe5 19. Qf5 Nxd3 20. Qxd3 Rxe2 21.
Qxe2 Bxg3 22. hxg3 Re8 23. Qf3 h5 24. c4 a4 25. b4 axb3 26. Qxb3 Qd7 27. Bf4
Qe6 28. f3 b5 29. Rc1 Ra8 30. Qd3 bxc4 31. Qxc4 Qxc4 32. Rxc4 Rxa3 33. Rxc6
Ra1+ 34. Kh2 Re1 35. Rd6 Kh7 36. Bg5 Ne8 37. Rc6 f6 38. Bf4 g5 39. Bd2 Rd1 40.
Bb4 Kg6 41. Bf8 Kf7 42. Ba3 Rb1 43. Bc1 Ng7 44. Rc2 Ne6 45. Rc4 Kg6 46. Be3
1/2-1/2

[Event "Druga liga CS - zapad 2014"]
[Site "Sabac"]
[Date "2014.09.26"]
[Round "3.1"]
[White "Marjanovic, Dejan**"]
[Black "Misailovic, Nebojsa"]
[Result "0-1"]
[WhiteElo "2369"]
[BlackElo "2309"]
[PlyCount "46"]
[EventDate "2014.09.25"]

1. d4 Nf6 2. c4 g6 3. Nc3 d5 4. Nf3 Bg7 5. cxd5 Nxd5 6. e3 O-O 7. Bc4 Nb6 8.
Bb3 Nc6 9. O-O e5 10. d5 Na5 11. e4 Bg4 12. h3 Nxb3 13. axb3 Bd7 14. Be3 Qe7
15. Ra5 Nc8 16. Bc5 Nd6 17. Nb5 Bxb5 18. Rxb5 b6 19. Bxd6 Qxd6 20. Qd2 a6 21.
Rb4 b5 22. Rc1 Rfd8 23. Ne1 c5 0-1

[Event "Druga liga CS - zapad 2014"]
[Site "Sabac"]
[Date "2014.09.26"]
[Round "3.3"]
[White "Zivkovic, Dejan*"]
[Black "Pecinar, Zoran"]
[Result "1-0"]
[WhiteElo "2263"]
[BlackElo "2177"]
[PlyCount "93"]
[EventDate "2014.09.25"]

1. d4 Nf6 2. Bg5 g6 3. Bxf6 exf6 4. c4 Bg7 5. Nc3 O-O 6. e3 d6 7. g3 Nd7 8. Bg2
f5 9. Nge2 Re8 10. Qc2 Nf6 11. O-O Qe7 12. Nf4 Bh6 13. Nfd5 Nxd5 14. Nxd5 Qd8
15. b4 Bg7 16. b5 Bd7 17. Nb4 Qc8 18. Rab1 c6 19. a4 Qc7 20. bxc6 bxc6 21. d5
cxd5 22. Nxd5 Qd8 23. Rb7 Bc6 24. Nf6+ Bxf6 25. Bxc6 Rf8 26. Rd7 Qc8 27. Rxd6
Be5 28. Bxa8 Bxd6 29. Bd5 Re8 30. Rb1 Re7 31. Rb5 a6 32. Rb6 Bc5 33. Rb3 a5 34.
Rb5 Bb4 35. c5 Rc7 36. c6 Qd8 37. Qc4 Qf6 38. Rb7 Bd6 39. Kg2 Kg7 40. Qb5 Qc3
41. Qb6 Rxb7 42. Qxb7 Qe5 43. Qxf7+ Kh6 44. h4 Qg7 45. Qe6 Qc7 46. Qf6 Be5 47.
Qf7 1-0

[Event "Druga liga CS - zapad 2014"]
[Site "Sabac"]
[Date "2014.09.26"]
[Round "3.4"]
[White "Radovanovic, Mihajlo**"]
[Black "Ignjatovic, Predrag"]
[Result "1-0"]
[WhiteElo "1964"]
[BlackElo "2286"]
[PlyCount "203"]
[EventDate "2014.09.25"]

1. Nf3 Nf6 2. c4 e6 3. d4 b6 4. g3 Ba6 5. Qb3 Be7 6. Bg2 Bb7 7. Nc3 d5 8. cxd5
exd5 9. O-O O-O 10. Ne5 c6 11. Rd1 Na6 12. e4 Nc7 13. Be3 dxe4 14. Nxe4 Ncd5
15. Rac1 Qe8 16. Nxf6+ Bxf6 17. Nxc6 Nxe3 18. Qxe3 Qxe3 19. fxe3 Bxc6 20. Rxc6
Rae8 21. Kf2 Rd8 22. h4 Rfe8 23. Rd3 Kf8 24. Rc7 Re7 25. Rdc3 h5 26. Bh3 g5 27.
R7c6 Kg7 28. hxg5 Bxg5 29. Bf5 h4 30. gxh4 Bxh4+ 31. Kf3 Rd5 32. Be4 Rg5 33.
Kf4 Rg1 34. Rc1 Bg5+ 35. Kf3 Rxc1 36. Rxc1 Bxe3 37. Kxe3 f5 38. Kd3 fxe4+ 39.
Ke3 Kf6 40. Rf1+ Ke6 41. Kxe4 Kd6+ 42. Kd3 Rh7 43. Rf2 Kd5 44. Rf5+ Kd6 45. Re5
Rh1 46. Rg5 Rd1+ 47. Kc3 Rc1+ 48. Kd2 Rh1 49. a3 Rh3 50. Re5 Rb3 51. Kc2 Rf3
52. Re2 Rh3 53. Rd2 Kd5 54. Rd3 Rh2+ 55. Kc3 Rh1 56. Rd2 Rh3+ 57. Kb4 a6 58.
Rg2 Rh6 59. Rg4 Rc6 60. b3 Rh6 61. a4 Rd6 62. Rh4 Rg6 63. Rh8 Rd6 64. Ra8 Kc6
65. Kc3 Rh6 66. Kc4 Rh4 67. a5 Kb7 68. Re8 bxa5 69. Re7+ Kb6 70. Re6+ Kb7 71.
Kc5 Rh3 72. Re7+ Kc8 73. Kc4 Kb8 74. Re5 Kb7 75. Rxa5 Kb6 76. Re5 Rh1 77. Re6+
Kb7 78. Kc5 Rc1+ 79. Kb4 Rd1 80. Rd6 Kc7 81. Kc5 Kb7 82. Rb6+ Ka7 83. Rb4 a5
84. Ra4 Ka6 85. b4 Rc1+ 86. Kd5 Kb5 87. Rxa5+ Kxb4 88. Ra7 Kb5 89. Rb7+ Ka6 90.
Rb2 Rc8 91. Ke6 Re8+ 92. Kd7 Rh8 93. d5 Rh7+ 94. Kc6 Ka7 95. d6 Rh3 96. d7 Rc3+
97. Kd6 Rd3+ 98. Kc7 Rc3+ 99. Kd8 Re3 100. Rb4 Re2 101. Kc7 Rc2+ 102. Kd6 1-0

[Event "Druga liga CS - zapad 2014"]
[Site "Sabac"]
[Date "2014.09.26"]
[Round "3.5"]
[White "Savic, Dragan"]
[Black "Civric, Zdravko"]
[Result "1/2-1/2"]
[WhiteElo "2109"]
[BlackElo "2211"]
[PlyCount "108"]
[EventDate "2014.09.25"]

1. e4 c5 2. Nf3 Nc6 3. Bb5 Qb6 4. Ba4 g6 5. O-O Bg7 6. c3 e6 7. Na3 Nge7 8. Nb5
O-O 9. d4 cxd4 10. Nbxd4 a6 11. Re1 Qc7 12. Nxc6 Nxc6 13. Be3 b5 14. Bc2 Ne5
15. Bf4 Rd8 16. a4 Bb7 17. axb5 axb5 18. Rxa8 Bxa8 19. Nd4 Qb6 20. Bg5 Re8 21.
Nb3 d5 22. Be3 Qc6 23. Bd4 Nc4 24. Bxg7 Kxg7 25. exd5 Qxd5 26. Qxd5 Bxd5 27.
Nd4 Nxb2 28. Nxb5 Rc8 29. Rb1 Nc4 30. Bd3 Rc5 31. f4 h5 32. g3 Nd2 33. Rb2 Nf3+
34. Kf2 Nxh2 35. Ke3 Ng4+ 36. Kd4 Rc8 37. c4 Bf3 38. Nd6 Rd8 39. c5 Nf6 40. Ra2
Ne8 41. Ke5 Nxd6 42. cxd6 Bc6 43. Ra7 Bd7 44. Ba6 f6+ 45. Kd4 Kh6 46. Kc5 g5
47. fxg5+ fxg5 48. Bb7 h4 49. gxh4 gxh4 50. Bc6 Bxc6 51. Kxc6 Kg5 52. Re7 h3
53. Rxe6 h2 54. Re1 Kg4 1/2-1/2

[Event "Druga liga CS - zapad 2014"]
[Site "Sabac"]
[Date "2014.09.26"]
[Round "3.6"]
[White "Knezevic, Veljko**"]
[Black "Nenadovic, Ljubisa"]
[Result "0-1"]
[WhiteElo "1890"]
[BlackElo "2190"]
[PlyCount "98"]
[EventDate "2014.09.25"]

1. e4 c5 2. Nc3 Nc6 3. g3 g6 4. Bg2 Bg7 5. Nge2 e6 6. O-O Nge7 7. d3 O-O 8. Be3
d6 9. Qd2 Rb8 10. f4 Nd4 11. Nd1 Nec6 12. c3 Nxe2+ 13. Qxe2 Qc7 14. g4 f5 15.
Nf2 b5 16. Rac1 b4 17. Nd1 bxc3 18. bxc3 Bd7 19. e5 fxg4 20. d4 cxd4 21. cxd4
d5 22. Qxg4 Rb4 23. Nc3 Ne7 24. Rfd1 Rc4 25. Ne2 Nf5 26. Bf2 Rc8 27. Rxc4 Qxc4
28. Rb1 Qxa2 29. Rb7 Qa4 30. h4 Be8 31. h5 gxh5 32. Qf3 Bg6 33. Bh3 Rf8 34.
Bxf5 Rxf5 35. Ng3 Rf7 36. Rxf7 Bxf7 37. f5 h4 38. f6 hxg3 39. Qxg3 Qd1+ 40. Kg2
Bg6 41. fxg7 Be4+ 42. Kh3 Qh5+ 43. Qh4 Bf5+ 44. Kg3 Qxh4+ 45. Kxh4 Kxg7 46. Be1
Kf7 47. Kg5 Ke7 48. Kh6 Kd7 49. Ba5 Kc6 0-1

[Event "Druga liga CS - zapad 2014"]
[Site "Sabac"]
[Date "2014.09.26"]
[Round "3.1"]
[White "Pantelic, Sasa"]
[Black "Lukic, Predrag"]
[Result "1-0"]
[WhiteElo "2314"]
[BlackElo "2241"]
[PlyCount "72"]
[EventDate "2014.09.25"]

1. d4 Nf6 2. c4 g6 3. Nc3 Bg7 4. g3 d6 5. Bg2 O-O 6. Nf3 Nbd7 7. O-O c6 8. h3
e5 9. dxe5 dxe5 10. Be3 Qe7 11. Qa4 Nh5 12. Rad1 h6 13. Ne4 f5 14. Nd6 f4 15.
gxf4 Nxf4 16. Bxf4 exf4 17. Nxc8 Raxc8 18. c5 Nxc5 19. Qxf4 Bxb2 20. Qxh6 Qf6
21. Ng5 Rc7 22. Rb1 a5 23. Qh4 b5 24. Qg3 Re7 25. e3 Ree8 26. Bxc6 Qxc6 27.
Rxb2 Nd3 28. Rd2 Ne5 29. Rfd1 Nc4 30. Rd8 b4 31. R1d4 Ne5 32. R8d6 Qc1+ 33. Kg2
Qc2 34. Nf3 Kg7 35. Nxe5 Rxe5 36. Rd7+ Re7 1-0

[Event "Druga liga CS - zapad 2014"]
[Site "Sabac"]
[Date "2014.09.26"]
[Round "3.2"]
[White "Tomic, Miroslav Lj"]
[Black "Radovanovic, Jovica"]
[Result "0-1"]
[WhiteElo "2176"]
[BlackElo "2284"]
[PlyCount "72"]
[EventDate "2014.09.25"]

1. d4 Nf6 2. Nf3 g6 3. g3 Bg7 4. Bg2 O-O 5. O-O c5 6. c3 d5 7. Bf4 Qb6 8. Qb3
Nc6 9. Ne5 cxd4 10. Qxb6 axb6 11. Nxc6 bxc6 12. cxd4 Ne4 13. Be3 Nd6 14. Nd2
Nf5 15. Nb3 Ba6 16. Rfc1 Bb5 17. g4 Nxe3 18. fxe3 Bh6 19. Kf2 f5 20. gxf5 Rxf5+
21. Bf3 e5 22. dxe5 Rxe5 23. Rc3 Rae8 24. a4 Bc4 25. e4 dxe4 26. Rxc4 exf3 27.
exf3 Re2+ 28. Kg3 Rxb2 29. Nd4 c5 30. Rc2 Rxc2 31. Nxc2 Re2 32. Na3 Bg7 33. Rb1
Be5+ 34. f4 Re3+ 35. Kf2 Bd4 36. Nc2 Rc3+ 0-1

[Event "Druga liga CS - zapad 2014"]
[Site "Sabac"]
[Date "2014.09.26"]
[Round "3.3"]
[White "Jesic, Dusan"]
[Black "Bajevic, Branko"]
[Result "1-0"]
[WhiteElo "2364"]
[BlackElo "2147"]
[PlyCount "87"]
[EventDate "2014.09.25"]

1. d4 d5 2. c4 e6 3. Nc3 Nf6 4. Bg5 Be7 5. cxd5 exd5 6. Qc2 c6 7. e3 Bg4 8. Bd3
Bh5 9. Nge2 Bg6 10. Ng3 Bxd3 11. Qxd3 g6 12. O-O O-O 13. Bxf6 Bxf6 14. b4 a6
15. a4 Nd7 16. Rab1 Nb6 17. b5 axb5 18. axb5 Ra3 19. bxc6 bxc6 20. Rxb6 Qxb6
21. Nxd5 Rxd3 22. Nxb6 Rd8 23. Rc1 c5 24. Rxc5 Rd1+ 25. Nf1 Kg7 26. Rc2 h5 27.
g3 h4 28. gxh4 Bxh4 29. Kg2 f5 30. Nd2 f4 31. Nf3 Bf6 32. Rc7+ Kh6 33. Rc6 Bh8
34. Nc8 fxe3 35. fxe3 Re8 36. Nd6 Rf8 37. Rc7 g5 38. Nf7+ Kh5 39. N7xg5 Rg8 40.
Rh7+ Kg4 41. Kf2 Ra8 42. h3+ Kf5 43. Rh6 Rd3 44. e4+ 1-0

[Event "Druga liga CS - zapad 2014"]
[Site "Sabac"]
[Date "2014.09.26"]
[Round "3.4"]
[White "Milovanovic, Nebojsa"]
[Black "Begus, Drasko"]
[Result "1/2-1/2"]
[WhiteElo "2151"]
[BlackElo "2327"]
[PlyCount "24"]
[EventDate "2014.09.25"]

1. Nf3 Nf6 2. c4 d6 3. b4 g6 4. Bb2 Bg7 5. e3 O-O 6. d3 e5 7. Be2 Nc6 8. Qb3
Ne7 9. Nc3 h6 10. h3 Be6 11. d4 exd4 12. Nxd4 Bd7 1/2-1/2

[Event "Druga liga CS - zapad 2014"]
[Site "Sabac"]
[Date "2014.09.26"]
[Round "3.5"]
[White "Misojcic, Miroslav"]
[Black "Lazic, Miodrag"]
[Result "1-0"]
[WhiteElo "2243"]
[BlackElo "2040"]
[PlyCount "138"]
[EventDate "2014.09.25"]

1. d4 Nf6 2. c4 g6 3. Nc3 d5 4. cxd5 Nxd5 5. e4 Nxc3 6. bxc3 Bg7 7. Be3 O-O 8.
Nf3 c5 9. Rc1 Bg4 10. d5 Qa5 11. Qb3 Bxf3 12. gxf3 Nd7 13. Be2 Rac8 14. Qxb7
Bxc3+ 15. Kf1 Rc7 16. Qb5 Bd2 17. Qxa5 Bxa5 18. Bb5 Ne5 19. Rxc5 Nxf3 20. Kg2
Ne1+ 21. Kh3 Rfc8 22. Bc6 Bb4 23. Rc4 Ba5 24. Ra4 Bc3 25. Bxa7 Rxc6 26. dxc6
Rxc6 27. Be3 f6 28. Ra7 Kf7 29. a4 h5 30. a5 g5 31. Rxe1 Bxe1 32. a6 Ba5 33.
Ra8 Bb6 34. a7 Bxa7 35. Rxa7 Re6 36. Ra4 Kg6 37. Kg3 Rd6 38. h4 g4 39. Rb4 Re6
40. Rd4 Re5 41. Kf4 Rb5 42. Kg3 Re5 43. Rb4 Ra5 44. Rc4 Re5 45. Kf4 Rb5 46. Kg3
Re5 47. f3 gxf3 48. Kxf3 Rb5 49. Rc8 Re5 50. Rc5 Re6 51. e5 Ra6 52. exf6 exf6
53. Rc3 Ra4 54. Bf4 Kf5 55. Rc5+ Kg6 56. Rc6 Kf5 57. Rc5+ Kg6 58. Rc3 Kf5 59.
Bg3 Rb4 60. Bf2 Rf4+ 61. Kg2 Rg4+ 62. Bg3 Ra4 63. Rc8 Ra2+ 64. Bf2 Ra4 65. Rf8
Kg6 66. Kf3 Rc4 67. Rd8 Ra4 68. Rd6 Rg4 69. Rd7 f5 {neèitko} 1-0

[Event "Druga liga CS - zapad 2014"]
[Site "Sabac"]
[Date "2014.09.26"]
[Round "3.6"]
[White "Leontic, Ivica*"]
[Black "Urosevic, Zoran"]
[Result "1/2-1/2"]
[WhiteElo "2047"]
[BlackElo "2226"]
[PlyCount "49"]
[EventDate "2014.09.25"]

1. d4 Nf6 2. c4 c5 3. d5 e5 4. Nc3 d6 5. g3 Nbd7 6. Bg2 Be7 7. e4 a6 8. Bd2 Rb8
9. a4 O-O 10. Nge2 h6 11. O-O Nh7 12. Qc2 Ndf6 13. Kh1 Bd7 14. Qd3 Qc8 15. b3
Bh3 16. Ng1 Bxg2+ 17. Kxg2 Ne8 18. Rae1 Bd8 19. Qe2 Ba5 20. Nb1 Bxd2 21. Nxd2
b5 22. axb5 axb5 23. Ra1 b4 24. Qd3 Ra8 25. Qc2 1/2-1/2

[Event "Druga liga CS - zapad 2014"]
[Site "Sabac"]
[Date "2014.09.26"]
[Round "3.4"]
[White "Radibratovic, Predrag"]
[Black "Pikula, Dejan"]
[Result "1/2-1/2"]
[WhiteElo "2325"]
[BlackElo "2458"]
[PlyCount "90"]
[EventDate "2014.09.25"]

1. d4 Nf6 2. Bg5 e6 3. e3 c5 4. c3 cxd4 5. exd4 Be7 6. Nf3 b6 7. Bd3 Bb7 8.
Nbd2 a6 9. Qe2 Nd5 10. Bxe7 Qxe7 11. g3 O-O 12. O-O d6 13. Nh4 Nf4 14. gxf4
Qxh4 15. Qe3 Nc6 16. Qg3 Qxg3+ 17. hxg3 b5 18. Be4 d5 19. Bd3 b4 20. Nb3 Rfb8
21. Rfc1 a5 22. Nc5 Bc8 23. Rab1 h6 24. a3 Kf8 25. axb4 axb4 26. Ra1 bxc3 27.
bxc3 Ke7 28. Rxa8 Rxa8 29. Bb5 Kd6 30. Bxc6 Kxc6 31. Rb1 Ra3 32. Rb8 Kc7 33.
Rb3 Ra2 34. Kg2 f6 35. Kf3 g5 36. fxg5 hxg5 37. Ke3 g4 38. c4 dxc4 39. Rc3 Bd7
40. Rxc4 Bb5 41. Rc3 Re2+ 42. Kf4 Rxf2+ 43. Kxg4 Be2+ 44. Kh3 Bf1+ 45. Kg4 Be2+
1/2-1/2

[Event "Druga liga CS - zapad 2014"]
[Site "Sabac"]
[Date "2014.09.26"]
[Round "3.4"]
[White "Brkljaca, Ante"]
[Black "Kahrovic, Mersid"]
[Result "1-0"]
[WhiteElo "2315"]
[BlackElo "2281"]
[PlyCount "115"]
[EventDate "2014.09.25"]

1. d4 Nf6 2. Nf3 d5 3. c4 e6 4. Nc3 Be7 5. Bg5 O-O 6. e3 c6 7. Rc1 Nbd7 8. Bd3
dxc4 9. Bxc4 Nd5 10. Bxe7 Qxe7 11. Ne4 Qb4+ 12. Qd2 Qxd2+ 13. Kxd2 N7b6 14. Bb3
Rd8 15. Rhd1 Nf6 16. Ng3 Bd7 17. e4 Be8 18. h3 Rac8 19. Ke3 Kf8 20. Ne5 Nbd7
21. Nd3 Ke7 22. Rc3 Nf8 23. Rdc1 Bd7 24. f4 Ng6 25. Nc5 Rb8 26. e5 Nd5+ 27.
Bxd5 exd5 28. Nxd7 Kxd7 29. Nf5 Rg8 30. b4 a6 31. a4 f6 32. b5 axb5 33. axb5
fxe5 34. fxe5 Ke6 35. g4 Ne7 36. Nxe7 Kxe7 37. bxc6 bxc6 38. Rxc6 Rb3+ 39. R1c3
Rxc3+ 40. Rxc3 Ra8 41. Rb3 Ra4 42. h4 Ke6 43. Rb6+ Kf7 44. Rd6 Ra5 45. Kf4 Ke7
46. h5 Rb5 47. Kf5 Ra5 48. g5 Ra1 49. Rxd5 Rf1+ 50. Ke4 Re1+ 51. Kf4 Rf1+ 52.
Ke3 Rf5 53. h6 Rxg5 54. hxg7 Rxg7 55. Ra5 Ke6 56. Ra6+ Kf5 57. Rf6+ Kg5 58. Rf1
1-0

[Event "Druga liga CS - zapad 2014"]
[Site "Sabac"]
[Date "2014.09.26"]
[Round "3.4"]
[White "Mrsevic, Miroslav"]
[Black "Sorgic, Dragan"]
[Result "0-1"]
[WhiteElo "2275"]
[BlackElo "2255"]
[PlyCount "74"]
[EventDate "2014.09.25"]

1. e4 c5 2. d3 Nc6 3. g3 g6 4. Bg2 Bg7 5. Nc3 d6 6. Be3 Rb8 7. Qd2 Nd4 8. Nd1
e5 9. c3 Ne6 10. Ne2 h5 11. d4 h4 12. dxc5 dxc5 13. Qxd8+ Kxd8 14. b4 b6 15.
Nb2 hxg3 16. fxg3 Ba6 17. a3 Nf6 18. Bf3 Bb7 19. O-O Ke7 20. bxc5 Nxc5 21.
Bxc5+ bxc5 22. Nd3 Nxe4 23. Bxe4 Bxe4 24. Nxc5 Bc2 25. Ra2 Bf5 26. Re1 Rhc8 27.
Na6 Rb6 28. Nb4 Be6 29. Rd2 Rb5 30. Red1 Bh6 31. Rd6 a5 32. Nc6+ Kf8 33. Kf2
Bc4 34. Na7 Rb2 35. Nxc8 Rxe2+ 36. Kf3 e4+ 37. Kg4 Rxh2 0-1

[Event "Druga liga CS - zapad 2014"]
[Site "Sabac"]
[Date "2014.09.26"]
[Round "3.4"]
[White "Nikolic, Dragovan"]
[Black "Dumic, Marko"]
[Result "1/2-1/2"]
[WhiteElo "2258"]
[BlackElo "2262"]
[PlyCount "76"]
[EventDate "2014.09.25"]

1. c4 Nf6 2. Nf3 g6 3. Nc3 c5 4. g3 Bg7 5. Bg2 O-O 6. O-O Nc6 7. d3 b6 8. e4
Bb7 9. Ne1 d6 10. Nc2 Nd7 11. Ne3 Nd4 12. f4 a6 13. a4 Nb8 14. f5 e6 15. h4 Nd7
16. Ne2 Nxe2+ 17. Qxe2 Re8 18. fxg6 fxg6 19. Ng4 h5 20. Nh6+ Kh7 21. Nf7 Qe7
22. Bg5 Nf6 23. e5 Bxg2 24. Qxg2 Qxf7 25. Bxf6 dxe5 26. Bxe5 Qd7 27. Qe4 Rad8
28. Rf3 Bxe5 29. Qxe5 Qd4+ 30. Qxd4 Rxd4 31. a5 Rd6 32. Kf2 Kg7 33. Ke3 Red8
34. Kd2 b5 35. b3 e5 36. Re1 Re6 37. Kc3 b4+ 38. Kc2 Rd7 1/2-1/2

[Event "Druga liga CS - zapad 2014"]
[Site "Sabac"]
[Date "2014.09.26"]
[Round "3.5"]
[White "Brajovic, Miroljub"]
[Black "Vojinovic, Luka**"]
[Result "0-1"]
[WhiteElo "2130"]
[BlackElo "2047"]
[PlyCount "70"]
[EventDate "2014.09.25"]

1. e4 c5 2. c3 d5 3. exd5 Qxd5 4. d4 e6 5. Nf3 Nf6 6. Be2 Be7 7. O-O O-O 8. Bg5
Nc6 9. dxc5 Bxc5 10. Bxf6 Qxd1 11. Rxd1 gxf6 12. Nbd2 e5 13. Ne4 Be7 14. Nd6
Be6 15. Bc4 Rab8 16. Nh4 Rfd8 17. Nhf5 Bxd6 18. Nxd6 Rxd6 19. Rxd6 Bxc4 20.
Rxf6 Rd8 21. Rf3 Bxa2 22. Rg3+ Kf8 23. Rh3 Kg7 24. Rg3+ Kf6 25. Rh3 Rd7 26. b4
e4 27. Rxh7 e3 28. fxe3 Bd5 29. Rh6+ Ke7 30. Rh5 a6 31. e4 Bc4 32. Rg5 Rd2 33.
Rc5 Bd3 34. Rg5 Bxe4 35. Kf1 Bd3+ {necitko} 0-1

[Event "Druga liga CS - zapad 2014"]
[Site "Sabac"]
[Date "2014.09.26"]
[Round "3.4"]
[White "Ivanovic, Lazar*"]
[Black "Musovic, Sabrija"]
[Result "1/2-1/2"]
[WhiteElo "1976"]
[BlackElo "2106"]
[PlyCount "58"]
[EventDate "2014.09.25"]

1. d4 d5 2. e3 Nf6 3. Bd3 e6 4. Nd2 c5 5. b3 cxd4 6. exd4 Nc6 7. Bb2 g6 8. Ngf3
a6 9. a3 Bg7 10. O-O O-O 11. c4 b6 12. Qe2 Re8 13. Ne5 Bb7 14. Ndf3 Nxe5 15.
Nxe5 Ne4 16. Rfd1 f6 17. Nf3 Nd6 18. Rac1 Qd7 19. h4 Ne4 20. Nd2 Bh6 21. Bxe4
dxe4 22. h5 f5 23. hxg6 hxg6 24. Rc3 Bg7 25. Rg3 Kf7 26. Qe3 Qe7 27. f3 Rh8 28.
fxe4 Bh6 29. Qe2 Bxd2 1/2-1/2

[Event "Druga liga CS - zapad 2014"]
[Site "Sabac"]
[Date "2014.09.26"]
[Round "3.7"]
[White "Kijanovic, Igor**"]
[Black "Lekic, Miodrag"]
[Result "1/2-1/2"]
[WhiteElo "2065"]
[BlackElo "2250"]
[PlyCount "49"]
[EventDate "2014.09.25"]

1. e4 d6 2. c4 Nf6 3. Nc3 g6 4. d4 Bg7 5. Nf3 O-O 6. Be2 e5 7. O-O Nc6 8. d5
Ne7 9. Nd2 c5 10. Re1 Ne8 11. Nf1 f5 12. f4 fxe4 13. Nxe4 Nf5 14. Ng5 Nd4 15.
fxe5 Bxe5 16. Bg4 Ng7 17. Bxc8 Rxc8 18. Ne6 Qh4 19. Ng3 h6 20. Qd3 Ngf5 21. Bd2
Rce8 22. Rf1 Kh7 23. Be1 Nxg3 24. Bxg3 Bxg3 25. Qxg3 1/2-1/2